| 000 | 00824nam a2200265Ia 4500 | ||
|---|---|---|---|
| 003 | OSt | ||
| 005 | 20221005033723.0 | ||
| 006 | a|||||r|||| 00| 0 | ||
| 007 | ta | ||
| 008 | 221004b |||||||| |||| 00| 0 eng d | ||
| 020 |
_a9788189654634 (hbk) _c595 |
||
| 024 | _a102745 | ||
| 037 |
_b064, 13/11/2009, Independent Publishers Group _cTextual |
||
| 040 |
_aCRL _cCRL _beng |
||
| 041 |
_2eng _aeng |
||
| 082 | _aX:77.2'N9, P9 | ||
| 100 |
_aUpadhyay V. Ed. _9310719 |
||
| 245 | 0 | _aFrom statism to neo-liberalism | |
| 260 |
_aDelhi _bDanish Books India _c2009 |
||
| 300 |
_aviii,321p. _ccm. |
||
| 650 | _aHISTORY | ||
| 700 |
_a Kak Shakti Ed. _9586307 |
||
| 942 |
_hX:77.2'N9, P9 _cTEXL _2cc |
||
| 999 |
_c941988 _d941988 |
||